000
00267nam a2200109Ia 4500
082
_a
J 968.05 CLAR
245
0
_a
Clark, Domini
100
_a
South Africa the culture
_9
18889
942
_c
BK
020
_a
9780778796602"
008
210816s9999 xx 000 0 und d
999
_c
85135
_d
85134